LIBRARY & INFORMATION CENTRE, KCAET, TAVANUR

ONLINE PUBLIC ACCESS CATALOGUE (OPAC)

Research & development management: Concepts and techniques / (Record no. 4503)

MARC details
000 -LEADER
fixed length control field 00423cam a2200145ua 4500
041 ## - LANGUAGE CODE
Language code of text/sound track or separate title eng
082 ## - DEWEY DECIMAL CLASSIFICATION NUMBER
Classification number 658
Item number IND/RE
100 ## - MAIN ENTRY--AUTHOR NAME
Personal name Indradev, .
245 ## - TITLE STATEMENT
Title Research & development management: Concepts and techniques /
260 ## - PUBLICATION, DISTRIBUTION, ETC. (IMPRINT)
Place of publication India :
Name of publisher Centre for the study of Science Technology and Develoopment ,
Year of publication 1977.
300 ## - PHYSICAL DESCRIPTION
Number of Pages 160 ; .
942 ## - ADDED ENTRY ELEMENTS (KOHA)
Koha item type Books
Holdings
Withdrawn status Lost status Damaged status Home library Current library Date acquired Full call number Accession Number Koha item type
      KAUAET KAUAET 07/04/2012 658 IND/RE 19531 Books
free website counter